[Event "Interclubs Adultes"]
[Site "CHALONS EN CHAMPAGNE"]
[Date "15.12.07"]
[Round "4.1"]
[White "Krasenkow, Michal"]
[Black "Komarov, Dimitri"]
[Result "1-0"]
[WhiteElo "2668"]
[BlackElo "2533"]
[PlyCount "95"]
[EventDate "15.12.07"]
[WhiteTeam "Chalons en Champagne"]
[BlackTeam "Drancy"]

1. d4 d5 2. Nf3 Nf6 3. c4 c6 4. Nc3 dxc4 5. a4 Bf5 6. e3 e6 7. Bxc4 Bb4 8. Ne5
O-O 9. O-O c5 10. g4 Bg6 11. Nxg6 hxg6 12. Na2 Nc6 13. Nxb4 Nxb4 14. dxc5 Rc8
15. b3 Rxc5 16. Bb2 Nxg4 17. Qd4 Qxd4 18. Bxd4 Rcc8 19. f3 Nf6 20. Bxa7 Nd7 21.
Bb5 Nc5 22. Rab1 Rfd8 23. Rfd1 Rxd1+ 24. Rxd1 Nxb3 25. Rd7 Na5 26. Bb6 Rc1+ 27.
Kg2 Nbc6 28. Rc7 Rb1 29. Bxa5 Nxa5 30. Be8 Rb6 31. Bxf7+ Kh7 32. Re7 Nc4 33.
Rxe6 Rxe6 34. Bxe6 Nxe3+ 35. Kf2 Nf5 36. a5 Ne7 37. Bd7 Kh6 38. Ke3 Kg5 39. f4+
Kf6 40. Kd4 Nf5+ 41. Bxf5 gxf5 42. h4 Ke6 43. Kc5 Kd7 44. h5 Kc7 45. Kd5 Kd7
46. Ke5 Kc6 47. Kxf5 Kb5 48. Kg6 1-0

[Event "Interclubs Adultes"]
[Site "CHALONS EN CHAMPAGNE"]
[Date "15.12.07"]
[Round "4.3"]
[White "Sebag, Marie"]
[Black "Legky, Nikolay A"]
[Result "1-0"]
[WhiteElo "2509"]
[BlackElo "2473"]
[PlyCount "67"]
[EventDate "15.12.07"]
[WhiteTeam "Chalons en Champagne"]
[BlackTeam "Drancy"]

1. e4 e6 2. d4 d5 3. Nc3 h6 4. Bd3 Nc6 5. Nf3 Nb4 6. Be2 Nf6 7. e5 Ne4 8. Be3
c5 9. dxc5 Nxc5 10. Nd4 Be7 11. O-O O-O 12. f4 Nc6 13. Qe1 Nxd4 14. Bxd4 b6 15.
Qg3 Ba6 16. Bxa6 Nxa6 17. f5 exf5 18. Rxf5 Nc7 19. Be3 Bc5 20. Bxc5 bxc5 21.
Rf6 Kh8 22. Raf1 Qe7 23. R1f5 Kh7 24. Rh5 Rh8 25. Qg5 Qf8 26. Qf5+ Kg8 27. Rc6
g6 28. Qg4 Qg7 29. Rxc7 gxh5 30. Qf3 Kh7 31. Nxd5 Qxe5 32. Nf6+ Kg7 33. Nxh5+
Kg6 34. Rc6+ 1-0

[Event "Interclubs Adultes"]
[Site "CHALONS EN CHAMPAGNE"]
[Date "15.12.07"]
[Round "4.4"]
[White "Salaun, Yann"]
[Black "Barsov, Alexei"]
[Result "1/2-1/2"]
[WhiteElo "2322"]
[BlackElo "2526"]
[PlyCount "55"]
[EventDate "15.12.07"]
[WhiteTeam "Drancy"]
[BlackTeam "Chalons en Champagne"]

1. d4 d5 2. c4 e6 3. Nf3 Nf6 4. e3 a6 5. Nc3 Nbd7 6. b3 Bb4 7. Bb2 b6 8. Bd3
Bb7 9. O-O O-O 10. cxd5 exd5 11. Ne2 Ne4 12. Rc1 Re8 13. Ne5 Bd6 14. f3 Bxe5
15. dxe5 Nec5 16. Bb1 Nxe5 17. b4 Ncd7 18. Qc2 Nf8 19. Qxc7 Nc4 20. Qxb7 Nxb2
21. Nd4 Rc8 22. Qxa6 Ra8 23. Qe2 Nc4 24. Rc3 Qe7 25. Re1 Qxb4 26. Rb3 Qc5 27.
Qf2 Ra3 28. Nf5 1/2-1/2

[Event "Interclubs Adultes"]
[Site "CHALONS EN CHAMPAGNE"]
[Date "15.12.07"]
[Round "4.5"]
[White "Cossin, Sebastien"]
[Black "Borne, Niels"]
[Result "1/2-1/2"]
[WhiteElo "2437"]
[BlackElo "2324"]
[PlyCount "85"]
[EventDate "15.12.07"]
[WhiteTeam "Chalons en Champagne"]
[BlackTeam "Drancy"]

1. d4 Nf6 2. c4 e6 3. Nc3 Bb4 4. e3 O-O 5. Bd3 c5 6. Nge2 d5 7. a3 cxd4 8. exd4
dxc4 9. Bxc4 Be7 10. O-O Nbd7 11. Ba2 Nb6 12. Qd3 Bd7 13. Bg5 Bc6 14. Rad1 Nbd5
15. Qh3 Re8 16. Bb1 g6 17. Rfe1 Rc8 18. Bc2 b5 19. Qh4 Nh5 20. Bxe7 Qxe7 21.
Qxe7 Nxe7 22. f3 Red8 23. Kf2 Kg7 24. Rd2 Nf6 25. Bb1 Nfd5 26. Rc1 b4 27. Nxd5
Bxd5 28. axb4 Rxc1 29. Nxc1 Rb8 30. Nd3 Nc6 31. Ke3 Nxb4 32. Nxb4 Rxb4 33. Be4
Rb3+ 34. Ke2 Rb5 35. Bxd5 Rxd5 36. Kd3 Kf6 37. Kc4 a5 38. b3 h5 39. Re2 h4 40.
g3 hxg3 41. hxg3 Rf5 42. f4 g5 43. Re5 1/2-1/2

[Event "Interclubs Adultes"]
[Site "CHALONS EN CHAMPAGNE"]
[Date "15.12.07"]
[Round "4.6"]
[White "Karr, Jean-Philippe"]
[Black "Belkhodja, Slim"]
[Result "0-1"]
[WhiteElo "2394"]
[BlackElo "2478"]
[PlyCount "76"]
[EventDate "15.12.07"]
[WhiteTeam "Drancy"]
[BlackTeam "Chalons en Champagne"]

1. d4 d6 2. Nf3 Nf6 3. c4 g6 4. Nc3 Bg7 5. e4 O-O 6. Be2 e5 7. O-O exd4 8. Nxd4
Re8 9. f3 c6 10. Kh1 Nh5 11. g4 Nf6 12. Bf4 h5 13. g5 Nh7 14. Rg1 Nf8 15. Qd2
Qe7 16. Rad1 Nbd7 17. Be3 Nb6 18. a4 d5 19. c5 dxe4 20. Nxc6 bxc6 21. cxb6 axb6
22. Bxb6 e3 23. Qc2 Bf5 24. Bd3 e2 25. Rde1 Bxc3 26. Qxc3 Bxd3 27. Qxd3 Rxa4
28. Qc2 Ra6 29. Bd4 c5 30. Qxc5 Qb7 31. Qc3 Rc6 32. Qd2 Rc4 33. Bc3 Qxf3+ 34.
Rg2 Rce4 35. Qd5 Ne6 36. Bd2 Rd8 37. Qa5 Rxd2 38. Qxd2 Nf4 0-1

[Event "Interclubs Adultes"]
[Site "CHALONS EN CHAMPAGNE"]
[Date "15.12.07"]
[Round "4.7"]
[White "Karim, Ismael"]
[Black "Giffard, Nicolas"]
[Result "1/2-1/2"]
[WhiteElo "2366"]
[BlackElo "2387"]
[PlyCount "42"]
[EventDate "15.12.07"]
[WhiteTeam "Chalons en Champagne"]
[BlackTeam "Drancy"]

1. e4 c6 2. d4 d5 3. f3 e6 4. Nc3 Bb4 5. a3 Bxc3+ 6. bxc3 dxe4 7. Qe2 c5 8.
fxe4 cxd4 9. Nf3 Nc6 10. Qf2 Qa5 11. Bd2 dxc3 12. Be3 Nf6 13. Qg3 O-O 14. Bd3
e5 15. O-O Ng4 16. Bc1 Qb6+ 17. Kh1 Ne3 18. Re1 Ng4 19. Rf1 Ne3 20. Re1 Ng4 21.
Rf1 Ne3 1/2-1/2

[Event "Interclubs Adultes"]
[Site "CHALONS EN CHAMPAGNE"]
[Date "15.12.07"]
[Round "4.8"]
[White "Lefevre, Margaux"]
[Black "Mancini, Mario"]
[Result "1/2-1/2"]
[WhiteElo "1944"]
[BlackElo "2221"]
[PlyCount "86"]
[EventDate "15.12.07"]
[WhiteTeam "Drancy"]
[BlackTeam "Chalons en Champagne"]

1. e4 c5 2. Nf3 d6 3. d4 cxd4 4. Nxd4 Nf6 5. Nc3 a6 6. Be3 Nbd7 7. g4 Nb6 8. f3
e6 9. Qd2 Be7 10. O-O-O Nfd7 11. f4 Qc7 12. Qe2 Nc5 13. Nb3 Nca4 14. Nxa4 Nxa4
15. Qc4 Qxc4 16. Bxc4 b5 17. Bd3 Bd7 18. g5 Rc8 19. h4 Bc6 20. Rhe1 Bb7 21. Bd4
f6 22. e5 dxe5 23. gxf6 gxf6 24. fxe5 f5 25. Bf2 Kf7 26. Be2 Rhd8 27. Bh5+ Kf8
28. Nd4 Bd5 29. Rg1 Rd7 30. Be3 Bxh4 31. Bh6+ Ke7 32. Rg7+ Kd8 33. Rxd7+ Kxd7
34. Nxf5 Bf2 35. Ne3 Bxe3+ 36. Bxe3 Nc5 37. b4 Ne4 38. Rg1 Nc3 39. Rg7+ Kc6 40.
a3 Rc7 41. Rg8 Kb7 42. Bg4 Na4 43. Bd2 Rf7 1/2-1/2

[Event "Interclubs Adultes"]
[Site "CHALONS EN CHAMPAGNE"]
[Date "15.12.07"]
[Round "4.1"]
[White "Winants, Luc"]
[Black "David, Alberto"]
[Result "1/2-1/2"]
[WhiteElo "2504"]
[BlackElo "2536"]
[PlyCount "80"]
[EventDate "15.12.07"]
[WhiteTeam "Cappelle la Grande"]
[BlackTeam "Clichy II"]

1. d4 Nf6 2. c4 g6 3. Nc3 Bg7 4. e4 d6 5. Be2 O-O 6. Nf3 e5 7. Be3 Ng4 8. Bg5
f6 9. Bc1 f5 10. dxe5 Nxe5 11. Nxe5 Bxe5 12. Bh6 Re8 13. Qd2 Nc6 14. Bg5 Qd7
15. O-O fxe4 16. Nxe4 Qf7 17. Rae1 Bf5 18. Ng3 Nd4 19. b3 Nxe2+ 20. Rxe2 Bd7
21. Rfe1 Bxg3 22. hxg3 Rxe2 23. Rxe2 Re8 24. Rxe8+ Bxe8 25. Qd4 Qf5 26. Bh6 Qe5
27. Qd2 Bc6 28. Be3 b6 29. Bd4 Qe7 30. f3 a5 31. Qf4 Qe6 32. Bc3 Qe7 33. Kh1
Bb7 34. Qd4 Kf7 35. Qh8 Ke6 36. Qb8 Bc6 37. Qc8+ Qd7 38. Qh8 Qf7 39. Qc8+ Qd7
40. Qg8+ Qf7 1/2-1/2

[Event "Interclubs Adultes"]
[Site "CHALONS EN CHAMPAGNE"]
[Date "15.12.07"]
[Round "4.2"]
[White "Silva, Sebastian"]
[Black "Gharamian, Tigran"]
[Result "0-1"]
[WhiteElo "2369"]
[BlackElo "2557"]
[PlyCount "78"]
[EventDate "15.12.07"]
[WhiteTeam "Clichy II"]
[BlackTeam "Cappelle la Grande"]

1. d4 Nf6 2. Nf3 e6 3. c4 Bb4+ 4. Nbd2 a5 5. g3 d6 6. Bg2 Nbd7 7. a3 Bxd2+ 8.
Bxd2 a4 9. Qc2 O-O 10. c5 d5 11. O-O Ne4 12. Be3 b6 13. c6 Ndf6 14. Ne5 Ba6 15.
Rfe1 Bb5 16. f3 Nd6 17. Bg5 h6 18. Bxf6 Qxf6 19. Nd7 Qxd4+ 20. e3 Qc4 21. Qxc4
Nxc4 22. Nxf8 Kxf8 23. Bf1 Ke7 24. e4 Kd6 25. exd5 exd5 26. Rac1 Rf8 27. Red1
Kxc6 28. Kf2 Kc5 29. f4 Rd8 30. Rd2 c6 31. Bd3 Rd7 32. Bf1 Ba6 33. Bd3 b5 34.
Bxc4 bxc4 35. Re1 f6 36. Re8 d4 37. Re4 Bb5 38. g4 Rd5 39. f5 c3 0-1

[Event "Interclubs Adultes"]
[Site "CHALONS EN CHAMPAGNE"]
[Date "15.12.07"]
[Round "4.3"]
[White "Carlier, Bruno"]
[Black "Rainfray, Arnaud"]
[Result "1-0"]
[WhiteElo "2398"]
[BlackElo "2400"]
[PlyCount "133"]
[EventDate "15.12.07"]
[WhiteTeam "Cappelle la Grande"]
[BlackTeam "Clichy II"]

1. Nf3 d5 2. g3 Nf6 3. Bg2 e6 4. O-O Be7 5. c4 O-O 6. d4 dxc4 7. Qc2 a6 8. Qxc4
b5 9. Qc2 Bb7 10. Bd2 Nbd7 11. Ba5 Rc8 12. Nbd2 Qe8 13. b4 Nb8 14. a3 Nc6 15.
Nb3 Nxa5 16. Nxa5 Be4 17. Qb2 Nd7 18. Rac1 Bf6 19. Qd2 Nb6 20. Qf4 Bxf3 21.
Bxf3 e5 22. dxe5 Bxe5 23. Qd2 Qe6 24. Rc6 Qf5 25. Qc2 Qxc2 26. Rxc2 Na4 27. Nc6
Bd6 28. Bd5 Rfe8 29. Rd1 g6 30. Bb3 Nb6 31. Rd3 Kg7 32. Kg2 h5 33. h4 Re4 34.
f3 Ree8 35. e4 Nd7 36. Rd5 Nf6 37. Rd3 Nd7 38. Bd5 Nf6 39. Ba2 Nd7 40. Na5 Ne5
41. Rdc3 Nd7 42. Nb7 Be5 43. Rd3 Nb6 44. f4 Bd6 45. e5 Bf8 46. Rc6 Re7 47. Kf3
Rb8 48. Na5 Rc8 49. Bb3 Nd7 50. Rc2 Nb6 51. Rcd2 Ree8 52. Nc6 Rb8 53. Rd7 Nc4
54. Bxc4 bxc4 55. Rc2 a5 56. bxa5 Bxa3 57. a6 Ra8 58. a7 Bc5 59. Rxc7 Rec8 60.
Rxc8 Rxc8 61. Ra2 c3 62. Rc2 Bb6 63. Ke4 f5+ 64. Kd3 Kh6 65. Rxc3 Bf2 66. e6
Kg7 67. e7 1-0

[Event "Interclubs Adultes"]
[Site "CHALONS EN CHAMPAGNE"]
[Date "15.12.07"]
[Round "4.4"]
[White "Delorme, Axel"]
[Black "Jossien, Arnaud"]
[Result "1/2-1/2"]
[WhiteElo "2328"]
[BlackElo "2384"]
[PlyCount "100"]
[EventDate "15.12.07"]
[WhiteTeam "Clichy II"]
[BlackTeam "Cappelle la Grande"]

1. e4 d6 2. d4 g6 3. Nf3 Bg7 4. c3 e6 5. Bd3 Ne7 6. O-O b6 7. a4 a6 8. Nbd2 Bb7
9. Nc4 Nd7 10. Bf4 O-O 11. e5 dxe5 12. Nfxe5 Nxe5 13. Bxe5 Bxe5 14. Nxe5 c5 15.
dxc5 Qd5 16. Qf3 Qxe5 17. Qxb7 Nd5 18. Rfe1 Qg5 19. Be4 bxc5 20. Bxd5 Qxd5 21.
Qxd5 exd5 22. Rad1 Rfd8 23. Re5 d4 24. Kf1 Rab8 25. Rxc5 Rxb2 26. cxd4 Ra2 27.
Rc4 Rb8 28. d5 Rbb2 29. Rf4 Rd2 30. Rxd2 Rxd2 31. Rf6 a5 32. Rb6 Rxd5 33. Rb5
Rd2 34. Rxa5 Ra2 35. g3 h5 36. Kg2 Ra3 37. Ra8+ Kg7 38. a5 Kf6 39. a6 Kg7 40.
h3 Kf6 41. h4 Kg7 42. Kf1 Ra2 43. Ke1 Kf6 44. f3 Ra3 45. Ke2 Kg7 46. g4 hxg4
47. fxg4 Ra4 48. Kf3 Ra3+ 49. Ke4 Ra4+ 50. Kf3 Ra3+ 1/2-1/2

[Event "Interclubs Adultes"]
[Site "CHALONS EN CHAMPAGNE"]
[Date "15.12.07"]
[Round "4.5"]
[White "Platel, Alexandre"]
[Black "Mullon, Jean-Baptiste"]
[Result "1/2-1/2"]
[WhiteElo "2251"]
[BlackElo "2339"]
[PlyCount "110"]
[EventDate "15.12.07"]
[WhiteTeam "Cappelle la Grande"]
[BlackTeam "Clichy II"]

1. e4 c5 2. Nf3 Nc6 3. Bb5 d6 4. O-O Bd7 5. Re1 a6 6. Bf1 Nf6 7. h3 e6 8. c3
Be7 9. d3 O-O 10. Nbd2 b5 11. d4 e5 12. d5 Nb8 13. Bd3 g6 14. Bc2 Qc8 15. Nf1
Nh5 16. Bh6 Ng7 17. Ng3 Ra7 18. Qe2 Qd8 19. Rad1 Bc8 20. Qe3 Nd7 21. Ng5 Bxg5
22. Bxg5 f6 23. Bh6 Rf7 24. Qe2 Nf8 25. Rf1 g5 26. Bxg7 Rxg7 27. Nf5 Bxf5 28.
exf5 c4 29. b3 cxb3 30. axb3 Qb6 31. c4 b4 32. Ra1 Nd7 33. Qh5 Qd8 34. Ra2 a5
35. Rfa1 Re7 36. h4 gxh4 37. Qxh4 Rg7 38. Qh5 Kf8 39. Bd1 Nc5 40. Qf3 Rg5 41.
Qh3 Kg7 42. Re2 Qb6 43. Re3 Kh8 44. Be2 Rag7 45. Bf1 Rg8 46. Qh6 Nd7 47. Rh3
R5g7 48. Rd1 Qd8 49. Ra1 Nc5 50. Re1 Qe7 51. Ra1 Ra8 52. Be2 a4 53. bxa4 Rxa4
54. Rxa4 Nxa4 55. Rb3 Nc3 1/2-1/2

[Event "Interclubs Adultes"]
[Site "CHALONS EN CHAMPAGNE"]
[Date "15.12.07"]
[Round "4.6"]
[White "Pujos, Stephane"]
[Black "Jossien, Remy"]
[Result "1-0"]
[WhiteElo "2296"]
[BlackElo "2257"]
[PlyCount "141"]
[EventDate "15.12.07"]
[WhiteTeam "Clichy II"]
[BlackTeam "Cappelle la Grande"]

1. d4 d6 2. e4 g6 3. Nf3 Bg7 4. c3 h6 5. Bd3 e6 6. O-O Ne7 7. a4 b6 8. a5 O-O
9. axb6 cxb6 10. Nbd2 Qc7 11. Re1 e5 12. h3 Nbc6 13. d5 Na5 14. c4 Nb7 15. b4
a5 16. Nb3 Bd7 17. Bd2 axb4 18. Bxb4 Ba4 19. Nfd2 Nc5 20. Bc2 Bd7 21. Nxc5 bxc5
22. Bc3 Rfb8 23. Ba4 Nc8 24. Bxd7 Qxd7 25. Qg4 Qe8 26. Rec1 Nb6 27. Qd1 Na4 28.
Rab1 Nxc3 29. Rxc3 Rxb1 30. Qxb1 Qa4 31. Rb3 Qa5 32. Rb8+ Rxb8 33. Qxb8+ Bf8
34. Qb2 Be7 35. Kf1 Kg7 36. Ke2 Bd8 37. Qc2 Qa3 38. Qb3 Qa1 39. Qb1 Qd4 40. Qd3
Qa1 41. Nb1 Qa2+ 42. Kf3 Ba5 43. Na3 Be1 44. Nc2 Bb4 45. g3 Qb2 46. Kg2 Bc3 47.
Kf3 Bd4 48. g4 g5 49. Qe2 Qc1 50. Kg2 Kg8 51. Ne1 Kg7 52. Nf3 Qb1 53. Nh2 Qa1
54. Nf1 Qa6 55. Ng3 Kh7 56. Qf3 Kg7 57. Nh5+ Kf8 58. Qf6 Ke8 59. Ng7+ Kd7 60.
Nf5 Bxf2 61. Qxf7+ Kc8 62. Qe8+ Kc7 63. Qe7+ Kb8 64. Qxd6+ Qxd6 65. Nxd6 Be3
66. Kf3 Bf4 67. Nf7 Kc7 68. Nxh6 Kd7 69. Nf5 Bd2 70. Ke2 Bf4 71. Kd3 1-0

[Event "Interclubs Adultes"]
[Site "CHALONS EN CHAMPAGNE"]
[Date "15.12.07"]
[Round "4.7"]
[White "Couche, Didier"]
[Black "Lagarde, Maxime"]
[Result "0-1"]
[WhiteElo "2121"]
[BlackElo "2256"]
[PlyCount "59"]
[EventDate "15.12.07"]
[WhiteTeam "Cappelle la Grande"]
[BlackTeam "Clichy II"]

1. d4 Nf6 2. c4 g6 3. Nc3 d5 4. Nf3 Bg7 5. Bg5 Ne4 6. cxd5 Nxg5 7. Nxg5 e6 8.
Nf3 exd5 9. b4 O-O 10. e3 Qd6 11. Qb3 c6 12. Be2 Nd7 13. O-O Nf6 14. Rac1 h5
15. b5 Bh6 16. Na4 Ne4 17. Nc5 cxb5 18. Qxb5 b6 19. Nxe4 dxe4 20. Qe5 Qa3 21.
Ng5 Bf5 22. Nxe4 Bg7 23. Qd6 Qxa2 24. Bc4 Qa4 25. Ng3 Bc2 26. Bd5 Rad8 27. Qc6
Rc8 28. Bxf7+ Kxf7 29. Qd5+ Ke7 30. Ne4 0-1

[Event "Interclubs Adultes"]
[Site "CHALONS EN CHAMPAGNE"]
[Date "15.12.07"]
[Round "4.8"]
[White "Marchadour, Emilie"]
[Black "Gouvart, Catherine"]
[Result "1-0"]
[WhiteElo "2123"]
[BlackElo "1230"]
[PlyCount "71"]
[EventDate "15.12.07"]
[WhiteTeam "Clichy II"]
[BlackTeam "Cappelle la Grande"]

1. e4 e5 2. Nf3 Nc6 3. Bb5 a6 4. Ba4 Nf6 5. O-O Bc5 6. c3 O-O 7. Re1 d6 8. h3
b5 9. Bc2 Bd7 10. d4 Bb6 11. Bg5 h6 12. Bh4 Qe8 13. d5 Na5 14. Bxf6 gxf6 15.
Nh2 Kh7 16. Ng4 Bxg4 17. Qxg4 Rg8 18. Qf5+ Rg6 19. Bd1 Qc8 20. Bg4 Qxf5 21.
Bxf5 Kg7 22. Bxg6 fxg6 23. Nd2 c6 24. dxc6 Nxc6 25. a4 b4 26. Nc4 Bc5 27. Rad1
Rd8 28. Rd3 Ne7 29. Red1 Nc8 30. Na5 Rd7 31. Nb3 Ba7 32. cxb4 g5 33. Nc5 Bxc5
34. bxc5 Rd8 35. b4 Na7 36. Rxd6 1-0

[Event "Interclubs Adultes"]
[Site "CHALONS EN CHAMPAGNE"]
[Date "15.12.07"]
[Round "4.1"]
[White "Moreno, Alejandro"]
[Black "Tirard, Hugo"]
[Result "1-0"]
[WhiteElo "2408"]
[BlackElo "2491"]
[PlyCount "109"]
[EventDate "15.12.07"]
[WhiteTeam "Noisy le Grand"]
[BlackTeam "Deauville"]

1. d4 Nf6 2. c4 c5 3. d5 b5 4. Nf3 Bb7 5. a4 Qa5+ 6. Bd2 b4 7. Qc2 d6 8. e4 g6
9. g3 Bg7 10. Bg2 O-O 11. O-O Nbd7 12. h3 Rae8 13. Be3 e5 14. Nbd2 Qd8 15. Nh2
Kh8 16. Rae1 Ng8 17. f4 exf4 18. Bxf4 Ne5 19. Ndf3 Nf6 20. Nxe5 dxe5 21. Be3
Qd6 22. g4 Nd7 23. b3 f6 24. h4 Bc8 25. Bh3 Nb8 26. Qf2 Na6 27. Qc2 Rf7 28. Kh1
Qf8 29. Nf3 Qe7 30. Re2 Ref8 31. Ref2 Qd7 32. Ng1 Qe7 33. Ne2 Qd7 34. Rf3 Qe7
35. Nc1 h6 36. Qh2 f5 37. exf5 gxf5 38. gxf5 Qxh4 39. Ne2 Bf6 40. Bg2 Qxh2+ 41.
Kxh2 Bg5 42. Bxg5 hxg5 43. Ng3 g4 44. R3f2 Nb8 45. Ne4 Bxf5 46. Kg3 Bg6 47.
Rxf7 Rxf7 48. Rxf7 Bxf7 49. Nxc5 Bg6 50. Kxg4 Bc2 51. Be4 Bd1+ 52. Kf5 Kg7 53.
Kxe5 Kf7 54. Bf5 a5 55. Bh3 1-0

[Event "Interclubs Adultes"]
[Site "CHALONS EN CHAMPAGNE"]
[Date "15.12.07"]
[Round "4.2"]
[White "Vojinovic, Goran"]
[Black "Haik, Aldo"]
[Result "1-0"]
[WhiteElo "2463"]
[BlackElo "2381"]
[PlyCount "147"]
[EventDate "15.12.07"]
[WhiteTeam "Deauville"]
[BlackTeam "Noisy le Grand"]

1. d4 Nf6 2. Nf3 d5 3. c4 c6 4. e3 Bf5 5. Nc3 e6 6. Nh4 Bg6 7. Qb3 Qb6 8. Nxg6
hxg6 9. Bd2 Nbd7 10. Be2 Be7 11. O-O-O Qxb3 12. axb3 O-O-O 13. Kc2 a6 14. h3
Rhe8 15. Bc1 b5 16. Bd2 Kb7 17. Rhe1 b4 18. Na2 a5 19. cxd5 exd5 20. Nc1 Ne4
21. Nd3 c5 22. dxc5 Rc8 23. Kb1 Ndxc5 24. Nxc5+ Rxc5 25. Rf1 f5 26. Be1 Bf6 27.
f3 Nd6 28. Bf2 Rec8 29. Bd3 Ne4 30. Be1 Nd6 31. Bg3 Nb5 32. Rf2 Kb6 33. Rc2
Rxc2 34. Bxc2 Rd8 35. Bf2 Kb7 36. e4 dxe4 37. Rxd8 Bxd8 38. fxe4 Nd6 39. Bd4
Nxe4 40. Bxg7 Kc6 41. Bd3 Nd6 42. Kc2 Kd5 43. Bh6 Bf6 44. Be3 Kc6 45. g4 fxg4
46. hxg4 g5 47. Bg6 Kb5 48. Bc1 Kc5 49. Kd3 Kb5 50. Kc2 Kc5 51. Be3+ Kb5 52.
Bf2 Be5 53. Bg1 Kc6 54. Be3 Bf6 55. Kd3 Kd5 56. Bb6 Bxb2 57. Bxa5 Kc5 58. Bd8
Bc1 59. Bf6 Kd5 60. Bd4 Bf4 61. Bf2 Be5 62. Be1 Kc5 63. Be4 Bf6 64. Bf2+ Kb5
65. Bd5 Nc8 66. Bd4 Be7 67. Be6 Nd6 68. Bd7+ Ka5 69. Be3 Bf6 70. Bc5 Nb7 71.
Bd4 Be7 72. Kc4 Ka6 73. Bc8 Bf8 74. Kd5 1-0

[Event "Interclubs Adultes"]
[Site "CHALONS EN CHAMPAGNE"]
[Date "15.12.07"]
[Round "4.3"]
[White "Tissir, Mohamed"]
[Black "Colin, Vincent"]
[Result "1/2-1/2"]
[WhiteElo "2444"]
[BlackElo "2399"]
[PlyCount "110"]
[EventDate "15.12.07"]
[WhiteTeam "Noisy le Grand"]
[BlackTeam "Deauville"]

1. e4 e5 2. Nf3 Nc6 3. Bc4 Nf6 4. d3 Be7 5. O-O O-O 6. Bb3 d5 7. exd5 Nxd5 8.
Nc3 Nxc3 9. bxc3 Bg4 10. h3 Bh5 11. Qe2 Kh8 12. Qe3 Bd6 13. Ng5 Qd7 14. Qe4 Bg6
15. Qh4 Be7 16. Qg3 Bxg5 17. Bxg5 f6 18. Be3 Na5 19. f4 e4 20. d4 b5 21. a4 a6
22. Rfb1 Qc6 23. Qe1 Nc4 24. Bxc4 Qxc4 25. Rb3 Bf7 26. Rba3 Bd5 27. Rb1 Qc6 28.
Rb4 Rfe8 29. Qa1 Bc4 30. Kf2 Bd5 31. Qb2 Bc4 32. Ra1 Qd5 33. Qc1 Qh5 34. Kg1
Qe2 35. Rb2 Rad8 36. Kh1 f5 37. Qg1 Bd5 38. axb5 axb5 39. Ra7 Qc4 40. Qe1 Ra8
41. Rxa8 Rxa8 42. Rb4 Qc6 43. Kh2 h6 44. Rb1 Ra3 45. Bd2 Ra2 46. Rc1 e3 47.
Qxe3 Bxg2 48. Qe7 Ra8 49. Rg1 Re8 50. Qf7 Re2 51. Qf8+ Kh7 52. Qxf5+ Kg8 53.
Qc8+ Kf7 54. Qf5+ Ke7 55. Re1 Rxe1 1/2-1/2

[Event "Interclubs Adultes"]
[Site "CHALONS EN CHAMPAGNE"]
[Date "15.12.07"]
[Round "4.4"]
[White "Godard, Maxence"]
[Black "Onkoud, Abdelaziz"]
[Result "1/2-1/2"]
[WhiteElo "2329"]
[BlackElo "2396"]
[PlyCount "139"]
[EventDate "15.12.07"]
[WhiteTeam "Deauville"]
[BlackTeam "Noisy le Grand"]

1. c4 e5 2. g3 Nc6 3. Bg2 g6 4. Nc3 Bg7 5. d3 d6 6. e4 f5 7. Nge2 Nf6 8. O-O
O-O 9. Rb1 Be6 10. Nd5 Qd7 11. b4 Rae8 12. b5 Nd8 13. Qc2 Rf7 14. a4 c6 15.
bxc6 bxc6 16. Nxf6+ Bxf6 17. Be3 c5 18. Rb8 Nc6 19. Rxe8+ Qxe8 20. exf5 Nb4 21.
Qb3 Bxf5 22. Be4 Be6 23. Nc3 Qd8 24. Nd5 Nxd5 25. Bxd5 Bxd5 26. cxd5 Kg7 27.
Qb5 Bg5 28. Qc6 Bh6 29. Bxh6+ Kxh6 30. Kg2 Kg7 31. h4 h6 32. f3 h5 33. Rf2 Kh6
34. Rb2 Qf8 35. Rf2 g5 36. hxg5+ Kxg5 37. Qb5 Kh6 38. Qc4 Qg7 39. Kh3 Qg5 40.
Qe4 Rb7 41. Qc4 Rg7 42. Qh4 Qxh4+ 43. Kxh4 Rb7 44. Re2 Rb3 45. f4 Rb4 46. Kh3
exf4 47. gxf4 Rxf4 48. Re6+ Kg5 49. Rxd6 Rf3+ 50. Kg2 Rxd3 51. Rd7 a5 52. d6
Kf6 53. Rh7 Ke6 54. Rxh5 Kxd6 55. Kf2 Rd4 56. Ke3 Rxa4 57. Kd3 Kc6 58. Rh8 Rb4
59. Kc3 a4 60. Rf8 a3 61. Rc8+ Kb6 62. Ra8 Kc6 63. Rc8+ Kd6 64. Rd8+ Ke6 65.
Ra8 Rb2 66. Kc4 Rc2+ 67. Kb3 Rb2+ 68. Kc4 Rc2+ 69. Kb3 Rb2+ 70. Kc4 1/2-1/2

[Event "Interclubs Adultes"]
[Site "CHALONS EN CHAMPAGNE"]
[Date "15.12.07"]
[Round "4.5"]
[White "Nguyen, Thanh-Tong"]
[Black "Geenen, Marc"]
[Result "1/2-1/2"]
[WhiteElo "2353"]
[BlackElo "2293"]
[PlyCount "81"]
[EventDate "15.12.07"]
[WhiteTeam "Noisy le Grand"]
[BlackTeam "Deauville"]

1. d4 Nf6 2. c4 g6 3. Nc3 Bg7 4. e4 d6 5. f3 O-O 6. Be3 c5 7. dxc5 dxc5 8. Qxd8
Rxd8 9. Bxc5 Nc6 10. Nd5 Nd7 11. Bxe7 Nxe7 12. Nxe7+ Kf8 13. Nd5 Bxb2 14. Rb1
Bg7 15. Nh3 Nb6 16. Nhf4 Na4 17. Be2 b6 18. O-O Bb7 19. Rfe1 Rac8 20. Bf1 Re8
21. Rec1 Red8 22. h4 h6 23. Kh1 Bb2 24. Rc2 Be5 25. Rb4 Nc5 26. Nd3 Bg3 27. h5
Nxd3 28. Bxd3 gxh5 29. Kg1 Bxd5 30. exd5 Re8 31. Be2 Bd6 32. Rb3 Rc7 33. g4
Rce7 34. Bf1 hxg4 35. fxg4 Re4 36. Rg2 Re1 37. Rf3 Ra1 38. Rc2 Re4 39. Kg2
Rxg4+ 40. Kh3 Rg1 41. Bg2 1/2-1/2

[Event "Interclubs Adultes"]
[Site "CHALONS EN CHAMPAGNE"]
[Date "15.12.07"]
[Round "4.6"]
[White "Amoyal, Pierre"]
[Black "Boudiba, Mahfoud"]
[Result "1/2-1/2"]
[WhiteElo "2195"]
[BlackElo "2364"]
[PlyCount "94"]
[EventDate "15.12.07"]
[WhiteTeam "Deauville"]
[BlackTeam "Noisy le Grand"]

1. d4 d5 2. c4 e6 3. Nc3 c5 4. cxd5 exd5 5. Nf3 Nc6 6. g3 Nf6 7. Bg2 Be7 8. O-O
O-O 9. Bg5 c4 10. Ne5 Be6 11. e3 h6 12. Bxf6 Bxf6 13. f4 g6 14. Qf3 Ne7 15. g4
Bg7 16. Qg3 f6 17. Nxg6 Nxg6 18. f5 Ne7 19. fxe6 b5 20. Qf3 f5 21. Nxd5 fxg4
22. Nxe7+ Qxe7 23. Qxg4 Rad8 24. Qg6 Rf6 25. Rxf6 Qxf6 26. Qxf6 Bxf6 27. Bc6 a6
28. a4 Rb8 29. axb5 axb5 30. Rc1 Kf8 31. Kf2 Ke7 32. Bd7 Rf8 33. Ke2 Bh4 34.
Bxb5 Rf2+ 35. Kd1 Rxb2 36. Bxc4 Rxh2 37. Bd5 Kd6 38. Bf3 Kxe6 39. Rc6+ Kf7 40.
Rxh6 Kg7 41. Rc6 Bg5 42. Be2 Rh6 43. Rxh6 Bxh6 44. Kd2 Kf6 45. Kd3 Ke6 46. e4
Bg7 47. Kc4 Kd6 1/2-1/2

[Event "Interclubs Adultes"]
[Site "CHALONS EN CHAMPAGNE"]
[Date "15.12.07"]
[Round "4.7"]
[White "Piot, Olivier"]
[Black "Reinert, Stephane"]
[Result "1-0"]
[WhiteElo "2241"]
[BlackElo "2120"]
[PlyCount "69"]
[EventDate "15.12.07"]
[WhiteTeam "Noisy le Grand"]
[BlackTeam "Deauville"]

1. d4 Nc6 2. Nf3 d5 3. c4 e6 4. Nc3 Nf6 5. e3 Be7 6. Bd3 O-O 7. O-O Nb4 8. Bb1
dxc4 9. Ne5 c5 10. Nxc4 cxd4 11. exd4 Qc7 12. Qb3 Rd8 13. Rd1 a6 14. Ne5 Nc6
15. Nf3 b5 16. Qc2 Nb4 17. Qe2 Bb7 18. Ne5 Rac8 19. Bg5 Nbd5 20. Nxd5 Nxd5 21.
Bxh7+ Kxh7 22. Qh5+ Kg8 23. Qxf7+ Kh7 24. Rd3 Ne3 25. Bxe3 Bf6 26. Qg6+ Kg8 27.
Ng4 Rf8 28. Rc3 Qe7 29. Rac1 Rcd8 30. Rc5 Bd5 31. h3 e5 32. dxe5 Bxe5 33. Bg5
Qxc5 34. Rxc5 Be4 35. Qe6+ 1-0

[Event "Interclubs Adultes"]
[Site "CHALONS EN CHAMPAGNE"]
[Date "15.12.07"]
[Round "4.8"]
[White "Fruteau, Sabine"]
[Black "Tatard, Marie"]
[Result "1/2-1/2"]
[WhiteElo "2169"]
[BlackElo "1905"]
[PlyCount "94"]
[EventDate "15.12.07"]
[WhiteTeam "Deauville"]
[BlackTeam "Noisy le Grand"]

1. e4 e6 2. d4 d5 3. e5 c5 4. c3 Nc6 5. Nf3 Qb6 6. a3 cxd4 7. cxd4 Nge7 8. b4
Nf5 9. Bb2 Bd7 10. Be2 Be7 11. O-O Rc8 12. g4 Nh4 13. Nxh4 Bxh4 14. Qd3 f6 15.
Nd2 fxe5 16. dxe5 Bg5 17. b5 Ne7 18. Bd4 Qd8 19. f4 Bh4 20. Nf3 Ng6 21. Nxh4
Nxh4 22. Bxa7 Qa5 23. Bd4 Rc4 24. Qe3 Rc8 25. f5 exf5 26. e6 Bxb5 27. gxf5 Bxe2
28. Qxe2 Qa4 29. Qh5+ Ng6 30. Bxg7 Rg8 31. fxg6 Rxg7 32. Qf3 Rxg6+ 33. Kh1 Qe4
34. Rae1 Qxf3+ 35. Rxf3 Rc7 36. Rf5 Re7 37. Rxd5 Rgxe6 38. Rxe6 Rxe6 39. Rb5 b6
40. Kg2 Kd7 41. Rb3 Kc6 42. Rh3 h6 43. Rh4 Kb5 44. Kf3 Ka5 45. Kf4 b5 46. Kf3
Rc6 47. Ke2 Re6+ 1/2-1/2